000 00657nam a22002057a 4500
005 20251108173436.0
008 250721s2007 xx 000 0 ara d
020 _a9957074741
082 1 4 _a155.4/ملح
100 1 _aملحم، سامي محمد
245 1 0 _aالأسس النفسية للنمو في الطفولة المبكرة /
264 1 _aعمان :
_bدار الفكر ناشرون و موزعون،
_c2007.
300 _a328 ص
650 1 7 _aعلم النفس التربوي
650 1 7 _aرعاية الطفولة
650 1 7 _aالأطفال
650 1 7 _aسيكولوجية الأطفال
942 _2ddc
_cBK
999 _c103964
_d103964